00217nam a22000857a 4500082001300000100002900013245005600042260002100098300001200119 a810bHON aMorgan, Barbara J. (Edt) aToday's Best NonFiction /c Barbara J. Morgan (Edt) aNew Y orkc1996. a573p. :